Contemporary engineering economics (Record no. 2014)

000 -LEADER
fixed length control field 00571nam a22002054a 4500
001 - CONTROL NUMBER
control field 2014
003 - CONTROL NUMBER IDENTIFIER
control field BD-DhUET
008 - FIXED-LENGTH DATA ELEMENTS--GENERAL INFORMATION
fixed length control field 160220b xxu||||| |||| 00| 0 eng d
020 ## - INTERNATIONAL STANDARD BOOK NUMBER
International Standard Book Number 0130893102
040 ## - CATALOGING SOURCE
Original cataloging agency DLC
Transcribing agency DLC
Modifying agency BD-DhUET
Language of cataloging 0
082 00 - DEWEY DECIMAL CLASSIFICATION NUMBER
Classification number 658.15
Item number PAR/2002
100 1# - MAIN ENTRY--PERSONAL NAME
Personal name Park, Chan S.
245 10 - TITLE STATEMENT
Title Contemporary engineering economics
Statement of responsibility, etc. by Chan S. Park
250 ## - EDITION STATEMENT
Edition statement 3rd ed.
260 ## - PUBLICATION, DISTRIBUTION, ETC. (IMPRINT)
Place of publication, distribution, etc. New Jersey
Name of publisher, distributor, etc. Prentice Hall
Date of publication, distribution, etc. 2002
300 ## - PHYSICAL DESCRIPTION
Extent xxxi, 920 p.
Other physical details ill. (some col.), map
Dimensions 24 cm.
504 ## - BIBLIOGRAPHY, ETC. NOTE
Bibliography, etc Includes bibliographies
650 #0 - SUBJECT ADDED ENTRY--TOPICAL TERM
Topical term or geographic name as entry element Engineering economy
942 ## - ADDED ENTRY ELEMENTS (KOHA)
Koha item type General Book
Holdings
Koha date last seen Shelving location Location (home branch) Piece designation (barcode) Price effective from Koha full call number Koha normalized classification for sorting Date acquired Copy number Koha date last borrowed Koha issues (times borrowed) Damaged status Withdrawn status Source of classification or shelving scheme Koha item type Sublocation or collection (holding branch) Lost status Not for loan
2014-09-16Circulation sectionCentral Library, BUET1025752014-09-16658.15/PAR/2002658_000000000000000_15PAR20022014-09-161     General BookCentral Library, BUET  
2014-09-16Circulation sectionCentral Library, BUET1025802014-09-16658.15/PAR/2002658_000000000000000_15PAR20022014-09-162     General BookCentral Library, BUET  
2019-04-13Circulation sectionCentral Library, BUET1025742014-09-16658.15/PAR/2002658_000000000000000_15PAR20022014-09-1632018-11-121   General BookCentral Library, BUET  
2014-09-16Circulation sectionCentral Library, BUET1025792014-09-16658.15/PAR/2002658_000000000000000_15PAR20022014-09-164     General BookCentral Library, BUET  
2014-09-16Circulation sectionCentral Library, BUET1025812014-09-16658.15/PAR/2002658_000000000000000_15PAR20022014-09-165     General BookCentral Library, BUET  
2014-09-16Circulation sectionCentral Library, BUET1025762014-09-16658.15/PAR/2002658_000000000000000_15PAR20022014-09-166     General BookCentral Library, BUET  
2014-09-16Circulation sectionCentral Library, BUET1025782014-09-16658.15/PAR/2002658_000000000000000_15PAR20022014-09-167     General BookCentral Library, BUET  
2014-09-16Circulation sectionCentral Library, BUET1025772014-09-16658.15/PAR/2002658_000000000000000_15PAR20022014-09-168     General BookCentral Library, BUET  
2014-09-16Circulation sectionCentral Library, BUET1025732014-09-16658.15/PAR/2002658_000000000000000_15PAR20022014-09-169     General BookCentral Library, BUET  
2017-04-15Circulation sectionCentral Library, BUET1025822017-04-15658.15/PAR/2002658_150000000000000_PAR_20022006-06-2610     General BookCentral Library, BUET